Pós-modernismo para principiantes (Registo nº 860)

Detalhes MARC
000 -Etiqueta do registo
Cabeçalho 01216cam a2200397 4500
005 - Identificador da versão
Campo de controlo 20240813121817.0
095 ## -
-- PTBN00852749
010 ## - Número internacional normalizado dos livros (ISBN)
Número (ISBN) 9722013831
035 ## - Other System Control Numbers
System Control Number 0000927
System Control Number 0000920
System Control Number 0000907
100 ## - Dados gerais de processamento
Dados gerais de processamento 19970206d1997 m y0pory5003 ba
102 ## - Pais de publicação ou produção
País de publicação Portugal
101 1# - Língua de publicação
Língua do texto, banda sonora, etc. Português
Língua do documento no original Inglês
106 ## - Campo de dados codificados: material textual
Dados codificados do material textual r
105 ## - Campo de dados codificados: livros
Dados codificados dos livros a z 000yy
215 ## - Descrição física 
Indicação específica da natureza do documento e extensão da espécie 175 p.
Outras indicações físicas il.
Dimensões 21 cm
200 1# - Titulo e menção de responsabilidade
Título próprio Pós-modernismo para principiantes
Primeira menção de responsabilidade Richard Appignanesi, Chris Garratt
Outras menções de responsabilidade [colab.] Ziauddin Sardar e Patrick Curry
-- trad. J. Freitas e Silva
225 2# - Colecção 
Título próprio da colecção Para principiantes
Indicação de volume 21
205 ## - Menção da edição
Menção da edição 1ª ed
210 ## - Publicação, Distribuição, etc. 
Lugar da edição, distribuição, etc. Lisboa
Nome do editor, distribuidor, etc. Dom Quixote
Data da publicação, distribuição, etc. 1997
304 ## - Notas relativas a título e menção de responsabilidade 
Texto da nota Tít. orig.: Postmodernism for beginners
606 ## - Nome comum usado como assunto
Número de registo de entrada de autoridade 0001110
Código do sistema SIPOR
675 ## - Classificação Decimal Universal (CDU)
Notação 008(100)"1945/..."
Edição BN
Língua da edição por
Notação 82.02Pós-modernismo
Edição BN
Língua da edição por
Notação 7.036
Edição Bn
Língua da edição por
702 ## - Nome de autor-pessoa física (responsabilidade secundária)
Número de registo de entrada de autoridade 0001109
Palavra de ordem Silva
Outra parte do nome não tomada para palavra de ordem J. Freitas e
Código de função Tradutor
Número de registo de entrada de autoridade 0001116
Palavra de ordem Sardar
Outra parte do nome não tomada para palavra de ordem Ziauddin
Código de função Autor / Co-autor
Número de registo de entrada de autoridade 0001117
Palavra de ordem Curry
Outra parte do nome não tomada para palavra de ordem Patrick
Código de função Autor / Co-autor
701 ## - Nome de autor-pessoa física (co-responsabilidade principal)
Palavra de ordem Garratt
Outra parte do nome não tomada para palavra de ordem Chris
Código de função Autor / Co-autor
700 ## - Nome de autor-pessoa física (responsabilidade principal)
Número de registo de entrada de autoridade 0001114
Palavra de ordem Appignanesi
Outra parte do nome não tomada para palavra de ordem Richard
966 ## - Identificação da Biblioteca
Sigla NUMETECA
942 ## - Elementos de entrada adicionados (Koha)
Tipo de item no Koha Livro
Exemplares
Situação do levantamento Origin of item (home branch) (coded) Biblioteca de empréstimo Código de barras Cota Circulation type (not for loan) Tipo de documento Nota do exemplar Damaged status
  Biblioteca Escolar Eng. Nuno Mergulhão Biblioteca Escolar Eng. Nuno Mergulhão BENM1566 7EVI APP   Livro Sem mensagem  
  Biblioteca Escolar Eng. Nuno Mergulhão Biblioteca Escolar Eng. Nuno Mergulhão BENM1567 7EVI APP   Livro Sem mensagem